Ładuje się......

Vayalar krithikal.

Opis bibliograficzny
1. autor: Vayalar Ramavarma
Format: Printed Book
Wydane: Kottayam : DC Books, 2007.
Wydanie:10th.Ed.
Hasła przedmiotowe:
LEADER 00509nam a22001577a 4500
020 |a 8171304664 
082 |a 894.812 108  |b VAY 
100 |a Vayalar Ramavarma 
245 |a Vayalar krithikal. 
250 |a 10th.Ed. 
260 |a Kottayam :  |b DC Books,  |c 2007. 
300 |a 1120p.; 
650 |a Malayalam literature.  |v Poems/poetry. 
942 |c BK 
999 |c 100351  |d 100351 
952 |0 0  |1 0  |4 0  |6 894_812000000000000_108_VAY  |7 0  |9 93688  |a SSS  |b SSS  |c REF  |d 2012-04-16  |g 395.00  |l 0  |o 894.812 108 VAY  |p SSS06179  |r 2012-04-16  |w 2012-04-16  |y REF